Selección de escritos
Gorde:
| Egile nagusia: | |
|---|---|
| Formatua: | Liburua |
| Hizkuntza: | gaztelania |
| Argitaratua: |
Ciudad de México
Alias
2009
|
| Edizioa: | 1a. ed |
| Saila: | Colección Alias, 7
|
| Gaiak: | |
| Etiketak: |
Etiketa erantsi
Etiketarik gabe, Izan zaitez lehena erregistro honi etiketa jartzen!
|
MARC
| LEADER | 00000cam a2200000 a 4500 | ||
|---|---|---|---|
| 001 | UCD2556 | ||
| 003 | CL-VaPUC | ||
| 008 | 160428e20090000mx |||||||||||||||||spa|d | ||
| 020 | |a 9786077985051 | ||
| 082 | 0 | 4 | |a 700.973 |b SMI |2 21 |
| 100 | 0 | |a Smithson, Robert |e author |9 585911 | |
| 245 | 1 | 0 | |a Selección de escritos |
| 250 | |a 1a. ed | ||
| 300 | |a 186 p | ||
| 942 | |c BK | ||
| 945 | |d 20160428 21:50:00 |a arojas | ||
| 260 | |a Ciudad de México |b Alias |c 2009 | ||
| 650 | 0 | |a Artistas estadounidenses |9 519563 | |
| 650 | 0 | |a Arte contemporáneo |9 338008 | |
| 583 | |a last modification |c 20160428 21:50:00 |k Rodrigo Vera | ||
| 490 | 0 | |a Colección Alias, 7 | |
| 999 | |c 363710 |d 363708 | ||
| 952 | |0 0 |1 0 |3 erb |4 0 |6 700_973000000000000_SMI_2009 |7 0 |8 R |9 476368 |a BIBART |b BIBART |i 5284414 |l 4 |m 4 |o 700.973 SMI 2009 |p 5284414 |r 2025-03-13 |s 2024-08-22 |w 2019-11-24 |y BK_R |z Catalogado en:20160428 |k ART | ||